Dokumentačná povinnosť o transferovom oceňovaní v kontexte aktuálnych zmien

Rozsah a obsah dokumentačnej povinnosti o transferovom oceňovaní podľa aktuálneho legislatívneho rámca platného pre zdaňovacie obdobie začínajúce najskôr 1. januára 2015 v kontexte zmien prijatých v roku 2016.

Salvato in:
Dettagli Bibliografici
Autore principale: Slivková, Dana
Natura: Capitolo di libro
Lingua:slovacco
Soggetti:
Tags: Aggiungi Tag
Nessun Tag, puoi essere il primo ad aggiungerne!!

MARC

LEADER 00000naa a2200000 4500
001 0230085
005 20221104110811.9
041 0 |a slo 
044 |a SK 
245 1 0 |a Dokumentačná povinnosť o transferovom oceňovaní v kontexte aktuálnych zmien  |c Dana Slivková 
520 |a Rozsah a obsah dokumentačnej povinnosti o transferovom oceňovaní podľa aktuálneho legislatívneho rámca platného pre zdaňovacie obdobie začínajúce najskôr 1. januára 2015 v kontexte zmien prijatých v roku 2016. 
610 2 0 |a oceňovanie transferové 
610 2 0 |a povinnosť daňová 
610 2 0 |a dokumentácia 
610 2 0 |a zdaňovanie medzinárodné 
610 2 0 |a legislatíva 
100 1 |a Slivková, Dana